Нормален изглед
MARC изглед
- Дънов, Петър Константинов
Вход 01. Лично име
001 - Контролен номер на записа
- Контролно поле: 363384
003 - Код на организацията, даваща контролен номер
- Контролно поле: BLK
005 - Дата и час на последна промяна на записа
- Контролно поле: 20240404174558.0
008 - Данни с фиксирана дължина – обща информация
- Данни с фиксирана дължина : 180422|| aca||aabn | a|a d
100 ## - ИМЕ НА ЛИЦЕ -ПЪРВИЧНА ИНТЕЛЕКТУАЛНА ОТГОВОРНОСТ
- Лично име: Дънов, Петър Константинов
- Звания и думи, свързани с автора: Беинса Дуно ; Учителя Беинса Дуно
- Дати, свързани с автора: 1864-1944
- Друга информация: Философ, създава Школата на Всемирното Бяло братство в България
942 ## - Системна служебна употреба
- Koha auth type: PERSO_NAME